Statistics for Guess the Animators!

Click here to take the quiz!

General Stats

  • This quiz has been taken 38 times
  • The average score is 4 of 24

Answer Stats

Answer% Correct
jaiden animations
83%
odd1sout
54%
somethingelseyt
46%
domics
29%
haminations
29%
theamaazing
29%
Aronixz Animations
25%
tabbes
21%
tim tom
13%
cypherden
8%
Captain cheese
4%
DingleMuffin
4%
footofaferret
4%
fox goodman
4%
gingerpale
4%
matt spicer
4%
piebye
4%
trippik
4%
alan becker
0%
Burnt toast
0%
Nightraptor6
0%
SebasToons
0%
shgurr
0%
sr pelo
0%

Score Distribution

Percentile by Number Answered

Percent of People with Each Score

Your Score History

You have not taken this quiz